Grey's Anatomy Characters Quiz Stats

 Plays Quiz not verified by Sporcle

Also try: I Love Lucy (A-Z)
Challenge
Share
Tweet
Embed
Score 0/11 Timer 05:00
0 Plays Today
character % Correct
Meredith Grey
99.7%
Cristina Yang
98%
Izzie Stevens
97.6%
Derek Shepherd
97%
Alex Karev
96.7%
Callie Torres
96.2%
Mark Sloan
96%
George O'Malley
95.3%
Miranda Bailey
95.2%
Lexie Grey
92.8%
Richard Webber
90.6%

You're not logged in!

Compare scores with friends on all Sporcle quizzes.
Join for Free
OR
Log In

You Might Also Like...

Show Comments

Extras

Top Quizzes Today


Score Distribution

Your Account Isn't Verified!

In order to create a playlist on Sporcle, you need to verify the email address you used during registration. Go to your Sporcle Settings to finish the process.

Report this User

Report this user for behavior that violates our Community Guidelines.

Details: